| 000 | 00551nam a2200157 a 4500 | ||
|---|---|---|---|
| 001 | 000039117 | ||
| 005 | 20201002031513.0 | ||
| 008 | 130523s2012 dr a 000 0 spa d | ||
| 020 | _a9789945165302 | ||
| 040 |
_aDO-SdBNP _bspa _cBNPHU |
||
| 100 | 1 |
_aFernández Fortuna, Héctor _965328 |
|
| 245 | 1 | 0 |
_aFrente al espejo : _bel reflejo de tu propia vida! / _cHéctor Fernández Fortuna,. |
| 260 |
_aSanto Domingo : _bEditora Búho, _c2012. |
||
| 300 |
_a170 p. : _bil. ; _c22 cm. |
||
| 500 | _aIncluye datos biográficos del autor en la solapa de la cubierta | ||
| 999 |
_c38607 _d38607 |
||